[Event "Tianjin Binhai Cup 2nd"]
[Site "Tianjin"]
[Date "2020.01.17"]
[Round "7"]
[White "Cai, Zhuoran"]
[Black "Zhang, Yichi B"]
[Result "1-0"]
[WhiteElo "1902"]
[BlackElo "1634"]
[PlyCount "63"]
[EventDate "2020.01.13"]
[EventType "swiss"]
[EventRounds "9"]
[EventCountry "CHN"]
[SourceTitle "CBM 194 Extra"]
[Source "ChessBase"]
[SourceDate "2020.03.31"]
[SourceVersion "1"]
[SourceVersionDate "2020.03.31"]
[SourceQuality "1"]

1. d4 d5 2. Nf3 Nf6 3. c4 e6 4. Nc3 c6 5. e3 Nbd7 6. cxd5 exd5 7. Bd3 Bd6 8. 0-0 0-0 9. Rb1 Qc7 10. b4 b6 11. Qc2 Bb7 12. h3 h6 13. a4 Rab8 14. Bd2 Rfc8 15. Rfe1 c5 16. Nb5 Qc6 17. Nxa7 Qc7 18. Nxc8 Rxc8 19. bxc5 bxc5 20. dxc5 Nxc5 21. Rec1 Qe7 22. Bf5 Rc7 23. Ba5 Rc6 24. Nd4 Ra6 25. Bb4 Nce4 26. Bxd6 Nxd6 27. Qc7 Qxc7 28. Rxc7 Rxa4 29. Rbxb7 Nxb7 30. Rc8+ Nd8 31. Rxd8+ Ne8 32. Rxe8# 1-0

[Event "Tianjin Binhai Cup 2nd"]
[Site "Tianjin"]
[Date "2020.01.15"]
[Round "5"]
[White "Cai, Zhuoran"]
[Black "Yu, Zhuoming"]
[Result "1-0"]
[WhiteElo "1902"]
[BlackElo "1618"]
[PlyCount "53"]
[EventDate "2020.01.13"]
[EventType "swiss"]
[EventRounds "9"]
[EventCountry "CHN"]
[SourceTitle "CBM 194 Extra"]
[Source "ChessBase"]
[SourceDate "2020.03.31"]
[SourceVersion "1"]
[SourceVersionDate "2020.03.31"]
[SourceQuality "1"]

1. d4 f5 2. Nf3 d6 3. c4 Nf6 4. Nc3 g6 5. e3 Bg7 6. Bd3 0-0 7. 0-0 e6 8. e4 c5 9. dxc5 dxc5 10. e5 Nfd7 11. Bg5 Qb6 12. Be7 Re8 13. Bd6 a6 14. Na4 Qa7 15. h4 h6 16. h5 g5 17. g4 b6 18. gxf5 exf5 19. Bxf5 Nxe5 20. Qd5+ Nf7 21. Rae1 Bd7 22. Bxb8 Qxb8 23. Bxd7 Rd8 24. Re7 Qf4 25. Rfe1 Ra7 26. Re8+ Kh7 27. Bf5+ 1-0

[Event "Vellmar op 8th"]
[Site "Vellmar"]
[Date "2016.07.29"]
[Round "3"]
[White "Boos, Markus"]
[Black "Cai, Zhuoran"]
[Result "1-0"]
[WhiteElo "2176"]
[BlackElo "1898"]
[PlyCount "37"]
[EventDate "2016.07.28"]
[EventType "swiss"]
[EventRounds "7"]
[EventCountry "GER"]
[SourceTitle "CBM 173 Extra"]
[Source "ChessBase"]
[SourceDate "2016.08.29"]
[SourceVersion "1"]
[SourceVersionDate "2016.08.29"]
[SourceQuality "1"]

1. Nf3 Nf6 2. g3 d5 3. c4 dxc4 4. Qa4+ c6 5. Qxc4 g6 6. Bg2 Bg7 7. 0-0 0-0 8. d4 Be6 9. Qb4 Qc7 10. Nc3 Na6 11. Qa4 c5 12. dxc5 Nxc5 13. Qh4 Rfd8 14. Ng5 h5 15. Be3 Bd5 16. Nxd5 Nxd5 17. Qc4 Nxe3 18. Qxf7+ Kh8 19. Qxg6 1-0